Histoire du PSG - Statistiques

Statistiques générales
  • Ce quiz a été pris 300 fois
  • Le résultat moyen est 6 sur 15
Statistiques - réponses
Question Réponse % Correct
Qui est l'actuel meilleur buteur du club ? Kylian Mbappé
96%
En quelle année le PSG a t-il été racheté par QSI ? 2011
78%
En quelle année le PSG a t-il remporté son premier championnat de France ? 1986
73%
Combien de trophée(s) européen(s) le PSG possède t-il ? 1
63%
Contre quelle équipe le PSG possède la plus grande victoire à domicile de son histoire ? Guingamp
49%
Combien de finales européennes (perdues ou gagnées) le PSG possède t-il ? 3
45%
En quelle année a eu lieu le plan Leproux ? 2010
34%
Quelle est la société qui détient actuellement (2024) le PSG avec QSI ? Arctos Partners
32%
Combien de Coupe de la Ligue le PSG possède t-il ? 9
31%
Quel numéro de maillot portait Amara Diané lors de la saison 2007-2008 ? 11
21%
Qui est resté président du club le plus longtemps ? Francis Borelli
19%
Quel est le joueur le plus capé ? Jean-Marc Pilorget
19%
En quelle année a été construit le "premier" Parc des Princes ? 1897
15%
Quel est le coach du PSG avec le pourcentage de victoire le plus élevé ? Unai Emery
15%
Qui a marqué le premier but de l'histoire du PSG au Parc des Princes ? Othniel Dossevi
9%
Aucun quiz correspondant
Distribution des résultats
% des personnes avec chaque résultat
Percentile par nombre de réponses
Votre historique - résultats
Vous n’avez pas pris ce quiz